Identification of RAPD markers linked to a gene governing cadmum uptake in durum wheat (Record no. 60653)
[ view plain ]
| 000 -LEADER | |
|---|---|
| fixed length control field | 00533nam a2200193Ia 4500 |
| 100 ## - MAIN ENTRY--AUTHOR NAME | |
| Personal name | Penner Greg A |
| 245 #0 - TITLE STATEMENT | |
| Title | Identification of RAPD markers linked to a gene governing cadmum uptake in durum wheat |
| 260 ## - PUBLICATION, DISTRIBUTION, ETC. (IMPRINT) | |
| Name of publisher | Genome |
| Year of publication | 1995 |
| 300 ## - PHYSICAL DESCRIPTION | |
| Number of Pages | 543-547 |
| 650 ## - SUBJECT ADDED ENTRY--TOPICAL TERM | |
| Topical Term | Durum wheat |
| 650 ## - SUBJECT ADDED ENTRY--TOPICAL TERM | |
| Topical Term | Marker assisted selection |
| 650 ## - SUBJECT ADDED ENTRY--TOPICAL TERM | |
| Topical Term | RAPD markers |
| 650 ## - SUBJECT ADDED ENTRY--TOPICAL TERM | |
| Topical Term | Temperature sweep |
| 700 ## - ADDED ENTRY--PERSONAL NAME | |
| Personal name | Bezte Leslie J |
| 700 ## - ADDED ENTRY--PERSONAL NAME | |
| Personal name | Clarke John |
| 700 ## - ADDED ENTRY--PERSONAL NAME | |
| Personal name | Leisle Dave |
| 942 ## - ADDED ENTRY ELEMENTS (KOHA) | |
| Koha item type | Journals |
| Withdrawn status | Lost status | Damaged status | Not for loan | Home library | Current library | Shelving location | Date acquired | Serial Enumeration / chronology | Koha item type |
|---|---|---|---|---|---|---|---|---|---|
| Journals | RRII Library | RRII Library | RAPD | 18/10/1995 | Volume 38, Issue 3 | Journals |